MDQL
is popping MORE tags! Check the
thread
!
Quizzes
Events
Quiz Creation
Community
Videos
Private Events
Remove Ads
Sign In
Join for FREE
Feedback
Dark Mode
Quiz Categories
Sports
Geography
Music
Movies
Television
Just For Fun
Miscellaneous
History
Literature
Language
Science
Gaming
Entertainment
Religion
Holiday
For Kids
Quiz Lab
Recent
Popular Today
Quiz Kudos Today
Editor Picks
Curator Picks
Quizzes by...
Day
Popularity
Type
Ratings
Length
Year
Community
Subscriptions
Recent Discussions
Orange Saloon
Badges
Playlists
Quests
Create
Leaderboards
Showdown
Live 5
Trivia Bingo
Activity
Puzzle Library
Sporcle Events
Private Events
Virtual Trivia
Globe League
Become a Host
Pub Owners
SporcleCon
Opinionation
Our Games
Videos
Blog
Mobile Apps
Partnerships
Remove Ads and Go Orange
Feedback
History
US Presidents
World Leaders
Politics
Nation
Discovery
War
Decade
Year
Century
Biography
Art
History
US Presidents
World Leaders
Politics
Nation
Discovery
War
Decade
Year
Century
Biography
Art
Random Quiz
Search Sporcle
×
Quiz Lab
Quiz Lab
History
Definition
Type in answers that appear in a list
Type in answers that appear in a list
Classic
Best Score? Go Orange.
Chapter Twenty-One: Progressivism Stats
Can you name the Chapter Twenty-One: Progressivism?
By
estuder
10m
55 Questions
31 Plays
31 Plays
31 Plays
Comments
Comments
Give Quiz Kudos
Give Quiz Kudos
-
- Ratings
hide this ad
Forced Order
Answers have to be entered in order
Answers have to be entered in order
Random Order
Randomize order of answers
Randomize order of answers
Replay
Link that replays current quiz
Next Quiz
Link to next quiz in quiz playlist
You Got
0%
They Got
Avg Score
16%
Avg Friend Score
Upgrade to see
Score Distribution
Jump to the score distribution portion of the page
Score
0/55
Timer
10:00
0
Plays Today
Definition
Who/What
% Correct
Roosevelt made this waterway possible
Panama Canal
58.1%
27th President and 10th Chief of Justice
William Howard Taft
48.4%
pioneer settlement worker of Full House in Chicago
Jane Addams
45.2%
led Industrial Workers of the World; socialist party of the U.S.
Eugene Debs
41.9%
28th President; reformed banking system
Thomas Woodrow Wilson
38.7%
American political party split the Republican Party
Progressive Party
38.7%
famous writer; muckraker
Upton Sinclair
35.5%
provided health food inspection
Pure Food and Drug Act
35.5%
American civil rights leader and education movement leader
Booker T. Washington
35.5%
American suffragist leader led to 19th amendment
Alice Paul
29%
speech Booker T. Washington gave for social equlity
Atlanta Compromise
25.8%
movement to abolish prostitution and sexual sins
Social Purity Movement
22.6%
General Electric, business god, helped out during panic of 1907
J.P. Morgan
19.4%
head of the U.S. Forest Fervice
Gifford Pinchot
19.4%
wilderness preserver in the U.S.
John Muir
19.4%
women locked in shirt-
waist factory fire
Triangle Fire
19.4%
Teddy Roosevelt's program formed around conservation of natural resources, continuation of corporations and consumer protection
square deal
19.4%
upheld constitutionality 'separate but equal'
Plessy vs. Ferguson
19.4%
Roosevelt's political philosophy
new nationalism
19.4%
Wilson's policy promoted anti-
trust
new freedom
19.4%
linking of practice and theory
Pragmatism
16.1%
gave ICC right to set railroad rates
Hepburn Act
16.1%
(NWP) worked for women's rights
National Womens Party
16.1%
independent trade agency (FTCA)
Federal Trade Commission
16.1%
Protestant Christian intellectual movement
Social Gospel Movement
12.9%
court case justified sexual discrimination and labor laws
Muller vs. Oregon
12.9%
forced social evolution
Reform Darwinism
12.9%
New York stock exchange fell 50% from its peak
Panic 1907
12.9%
Definition
Who/What
% Correct
Yosemite Park
Hetch Hetchy Valley
12.9%
granted central banking system; Wilson
Federal Reserve Act
12.9%
assassin of President William McKinley
Leon Czolgosz
9.7%
led the League of Women Voters and International Allegiance of Women
Carrie Chapman Catt
9.7%
civil rights activist
William Du Bois
9.7%
(IWW) union with 100,00 people
Industrial Workers of the World
9.7%
U.S. trying to further move into Latin America and Africa
Dollar Diplomacy
9.7%
founder of American Community Nursing
Lillian D. Wald
6.5%
key figure in the Social Gospel Movement
Walter Rauschenbusch
6.5%
worked against sweatshops and for minimum wages
Florence Kelley
6.5%
mechanical engineer who sought to improve industrial efficiency
Frederick Winslow Taylor
6.5%
democrat, headed relief efforts in the Jamestown floods of 1889
Thomas Loftin Johnson
6.5%
regulatory body in the U.S.
Interstate Commerce Commission
6.5%
stood for the Industrial Workers of the World
William Haywood
6.5%
American birth control advocate
Margaret Sanger Slee
6.5%
lowered tarrifs
Payne-Aldrich Tarriff
6.5%
income tax ratification of the 16th amendment
Underwood Tarriff
6.5%
multi-
tendency democratic-
socialist political party in the U.S.
Socialist Party of America
6.5%
education and social reform
John Dewey
3.2%
U.S. congressman initiated political reform in Wisconsin
Robert M. La Folette
3.2%
non-
profit representative consumers
National Consumer's League
3.2%
analyzed and synthesized workflows
scientific management
3.2%
1906 disturbance
Atlanta Race Riot
3.2%
progeressive leader and isolationism leader
Hiram Johnson
0%
working class and first class women of the U.S.
Women Trade Union Leage
0%
founded irrigation projexts
Reclamation Act
0%
ensured civil equality
National Association for the Advantage of Colored People
0%
Quiz Playlist
Details
Report
Send in Message
Add To Playlist
Classic:
Type in answers that appear in a list
Forced Order:
Answers have to be entered in order
Random Order:
Randomize order of answers
Last Updated: Feb 16, 2017
Quiz Scoreboard
CHALLENGE
Sign Up to Join the Scoreboard
Show All
Scores
Hide
Comments
May contain spoilers
Recently Published
1-10 Letter E Words III
by El_Dandy
Language
2m
Street Fighter Characters
by Artimus82
Gaming
60s
College Basketball Coaching Resumes
by pancakes188
Sports
9m
More to Explore
Quiz From the Vault
Featured Blog Post
Where Did the Easter Bunny Come From?
hide this ad
You Might Also Like...
Tags
Definition Quiz
Chapter
Today's Top Quizzes in History
Browse History
hide this ad
Today's Top Quizzes in Definition
Browse Definition
Top Contributed Quizzes in History
1
Popular People in 1991
2
Popular People in 1981
3
Popular People in 1951
4
Popular People in 1941
5
Popular People in 1986
6
Popular People in 1976
7
Popular People in 1921
8
5-to-1: 20th Century Images of War
9
I Am Born On March 28th
10
Popular People in 1946
Explore More
Trending Topics
NBA
Harry Potter
Crossword
Anime
Disney
Marvel
Kpop
Pokémon
Song
Country
Soccer
The Office
Puzzle
NFL
WWE
hide this ad
More By:
estuder
Quiz
Plays
Rating
Category
Featured
Created
Chapter Twenty: Imperialism
32
3.00
History
Sep 26, 2011
Chapter Twenty-One: Progressivism
31
History
Sep 26, 2011
Go to Creator's Profile
Score Distribution
Quiz Creator Spotlight
estuder
Follow
Send a Message
Quizzes Created
-
Created Quiz Play Count
-
More By This Creator
Popular Quizzes Today
1
Find the US States - No Outlines Minefield
2
Find the Countries of Europe - No Outlines Minefield
3
The Countries of the World
4
Find the US States
5
Risky Map Clicking: Biggest States A-Z
6
US States
7
Popular People in 1961
8
Movies - When Are They Set?
More History Quizzes
On This Day: August 14th
Published
Trending Quizzes
Risky Map Clicking: Least Populous States A-Z
USA Borders Longest to Shortest
1-10 Letter G Words
1-10 Letter F Words
Countries of the World: 200 Million BC
Recently Updated
Leaping Animals
pecheneg
Reality TV Shows (A-Z)
bhenderson79
Rickey Henderson's Hall of Fame Teammates
pecheneg
Champions League XIs: Arsenal
pecheneg
Quick Pick: Celebrities in WWE's Hall of Fame
aduchscher
A-Z Keypad Blitz II
pecheneg
Multiple Oscar Actors
pecheneg
Mystery Phrase Blitz: Oscar 'Best Actors'
pecheneg
F. Scott Fitzgerald Novels
LTH
Pick 3 Villains
ddd62291
Trending Topics
Crossword
NBA
Marvel
Anime
Kpop
Disney
Harry Potter
WWE
Country
Soccer
NFL
The Office
Puzzle
Song
Pokémon
Your Account Isn't Verified!
In order to create a playlist on Sporcle, you need to verify the email address you used during registration. Go to your
Sporcle Settings
to finish the process.
Report this User
Report this user for behavior that violates our
Community Guidelines
.
Details:
Send Report
Go to the Sporcle.com Mobile Site →
Comments